Performance of Strip Footing on Two-Layer Soil Deposit with Void (Record no. 551347)

000 -LEADER
fixed length control field 00401nam a22001457a 4500
082 ## - DEWEY DECIMAL CLASSIFICATION NUMBER
Classification number T-11
100 ## - MAIN ENTRY--PERSONAL NAME
Personal name Ghazanfar Azam
9 (RLIN) 48376
245 ## - TITLE STATEMENT
Title Performance of Strip Footing on Two-Layer Soil Deposit with Void
Statement of responsibility, etc. Ghazanfar Azam
260 ## - PUBLICATION, DISTRIBUTION, ETC.
Place of publication, distribution, etc. Rislapur
Name of publisher, distributor, etc. MCE
Date of publication, distribution, etc. 7-4-1997
300 ## - PHYSICAL DESCRIPTION
Extent 140p.:
Dimensions 40cm
526 ## - STUDY PROGRAM INFORMATION NOTE
Program name 0
Interest level 0
Reading level 0
Title point value T_11
650 ## - SUBJECT ADDED ENTRY--TOPICAL TERM
Topical term or geographic name entry element Thesis
9 (RLIN) 34811
700 ## - ADDED ENTRY--PERSONAL NAME
Personal name Mian C Wang
9 (RLIN) 48377
942 ## - ADDED ENTRY ELEMENTS (KOHA)
Source of classification or shelving scheme
Koha item type Book
Holdings
Withdrawn status Lost status Source of classification or shelving scheme Damaged status Not for loan Permanent Location Current Location Date acquired Total Checkouts Full call number Barcode Date last seen Price effective from Koha item type Public note
          Military College of Engineering (MCE) Military College of Engineering (MCE) 12/11/2014   T-11 MCE-T-11 12/11/2014 12/11/2014 Book Thesis
© 2023 Central Library, National University of Sciences and Technology. All Rights Reserved.